Lataa...
Poorakkali
| Päätekijä: | |
|---|---|
| Aineistotyyppi: | Printed Book |
| Kieli: | Malayalam |
| Julkaistu: |
Payyanure
Sunson
2000
|
| LEADER | 00438nam a2200121Ia 4500 | ||
|---|---|---|---|
| 008 | 111204s9999 xx 000 0 mal d | ||
| 100 | |a Gopalji, comp. | ||
| 245 | |a Poorakkali |c Gopalji, comp. | ||
| 260 | |b Sunson |a Payyanure |c 2000 | ||
| 300 | |a 252p | ||
| 942 | |c BK | ||
| 999 | |c 228005 |d 228005 | ||
| 952 | |0 0 |1 0 |2 ddc |4 0 |6 398_800000000000000_SWA_P |7 0 |9 251740 |a MAL |b MAL |c ST1 |d 2011-12-05 |g 110.00 |l 1 |o 398.8 SWA/P |p MAL29882 |r 2019-03-19 |s 2018-10-22 |v 0.00 |w 2011-12-05 |y BK | ||